| 000 | 00414cam a2200169ua 4500 | ||
|---|---|---|---|
| 041 |
_aeng _h |
||
| 082 |
_a620.105 _bHUL/SO |
||
| 100 | _aHulse, Ray . | ||
| 245 |
_aSolid mechanics / _cRay Hulse. _hTextual Documents |
||
| 260 |
_aNew York : _bPalgrave Macmillan , _c2003. |
||
| 300 | _a401 ; . | ||
| 504 | _a | ||
| 700 | 1 | _aCain, Jack . | |
| 700 | 1 | _aSherwin, Keith . | |
| 942 | _cBK | ||
| 999 |
_c13236 _d13236 |
||